000 00455 a2200145 4500
999 _c3388
_d3388
020 _a9780471596615
050 _aHD 69 RUH 1994
100 _aRuhl, Janet
245 _aThe computer consultant's guide :
_breal-life strategies for building a successful consulting career /
_cJanet Ruhl
264 _aNew York :
_bWiley,
_c1994
300 _axii, 276p. :
_bill.
500 _aIncludes index
650 _aBusiness consultants
942 _2lcc
_cBK
_h69
_iRUH
_kHD